| 000 | 01936nam0a2200337 4500 | ||
|---|---|---|---|
| 001 | RU\NLR\bibl\1132089 | ||
| 005 | 20260408075319.0 | ||
| 010 |
_a978-5-93586-503-0 _9800 |
||
| 021 |
_aRU _b2007-53772 _92855 |
||
| 035 | _a(NLR Aleph) 001118996 | ||
| 090 |
_a1285971 _c1285971 |
||
| 100 | _a20070924d2007 |||y0rusy50 ca | ||
| 101 | 0 | _arus | |
| 102 | _aRU | ||
| 105 | _aa ||||||||| | ||
| 200 | 1 |
_aТехническое обслуживание и текущий ремонт грузоподъемных кранов _eсправочное пособие _fФедер. служба по экол. технол., технол. и атом. надзору _g[отв. сост. В.С. Котельников, Н.А. Шишков] |
|
| 205 | _a2-е изд., изм. и доп. | ||
| 210 |
_aМосква _cНТЦ "Промышленная безопасность" _d2007 |
||
| 215 |
_a236 с. _cил. _d20 |
||
| 225 | 1 |
_aСерия 10 Документы по безопасности, надзорной и разрешительной деятельности в области котлонадзора и надзора за подъемными сооружениями _vВып. 40 |
|
| 313 | _aв ГАК нет | ||
| 606 | 1 |
_aГрузоподъемные краны _jСправочники _xРемонт _92488753 _3RU\NLR\auth\661476872 |
|
| 606 | 1 |
_aГрузоподъемные краны _jСправочники _xТехническое обслуживание _92492619 _3RU\NLR\auth\661478896 |
|
| 686 | _aО922-08я22 | ||
| 702 | 1 |
_aКотельников _bВ. С. _4220 |
|
| 712 | 0 | 1 |
_4570 _aРоссийская Федерация _bФедеральная служба по экологическому, технологическому и атомному надзору _9645799 _3RU\NLR\AUTH\8810071874 |
| 801 | 0 |
_aRU _bNLR _c20070924 _gRCR |
|
| 801 | 1 |
_aRU _bNLR _c20070924 |
|
| 942 | _cBOOK | ||
| 980 | _aNB | ||